Estadísticas para Palabras Inglés Aleatorias #2

Haz click aquí para tomar la prueba!

Estadísticas generales

  • Esta prueba ha sido tomada 61 veces
  • La puntuación promedio es 23 de 24

Estadísticas de respuestas

InglésEspañol% Correcto
HotCaliente
100%
HouseCasa
100%
GameJuego
100%
MilkLeche
100%
OrangeNaranja
100%
WhatQué
100%
Yes
100%
HereAquí
98%
GoodBueno
98%
KitchenCocina
98%
EasyFácil
98%
MoonLuna
98%
HandMano
98%
ChildNiño
98%
BecausePorque
98%
WeekSemana
98%
BeerCerveza
96%
MoneyDinero
96%
BreadPan
96%
JuiceJugo
94%
AgainOtra vez
94%
RiverRío
94%
StateEstado
91%
LateTarde
91%

Distribución de puntuación

Porcentaje por número respondido

Porcentaje de gente con cada puntuación

Historial de tus puntuaciones

No has tomado esta prueba